| 000 | 01130nam a2200265 a 4500 | ||
|---|---|---|---|
| 001 | 82983 | ||
| 003 | BD-RjUL | ||
| 005 | 20240206162214.0 | ||
| 008 | 240206s2017 bg a|||| m||| 00| 0 eng d | ||
| 035 | _a(BD-RjUL)82983 | ||
| 040 |
_aBD-RjUL _beng _cBD-RjUL _dBD-RjUL |
||
| 041 | _aeng | ||
| 082 |
_223 _a597.095492 _bSIF 2017 |
||
| 100 |
_aSiddique, Md. Abu Bakar _911514 |
||
| 245 | 1 | 0 |
_aFisheries Species Diversity in Relation to Climatic Factors of Chalan Beel, Bangladesh / _cBy, Md. Abu Bakar Siddique ; _6Supervisor : Muhammad Afzal Hussain, Co-Supervisor : M. Manjurul Alam, Co-Supervisor : Fawzia Adib Fiowra, |
| 260 |
_aRajshahi : _bDepartment of Fisheries, University of Rajshahi, _c2017 |
||
| 300 |
_axiii, 220 Leaves : _bill, ; _c29 cm. |
||
| 502 | _aThesis (Ph. D.) -- Department of Fisheries, University of Rajshahi, 2017 | ||
| 504 | _aReferences : Leaves [169]-205 | ||
| 650 |
_aFisheries _vClimatic _zBangladesh _911515 |
||
| 700 |
_aHussain, Muhammad Afzal, Supervisor _911516 |
||
| 700 |
_aAlam, M. Manjurul, Co-Supervisor _96014 |
||
| 700 |
_aFiowra, Fawzia Adib, Co-Supervisor _911517 |
||
| 942 |
_2ddc _cTHE |
||
| 999 |
_c82983 _d82983 |
||